000 00811nam a2200277 a 4500
001 vtls000968281
003 NLI
005 20210627095150.0
008 120112s1944 nyu 001 0 eng
039 9 _y201201121755
_zEntertech_02
040 0 _aNLI
_beng
_cEntertech-2011
_eAACR2
041 0 _aeng
044 _anyu
084 _a108.E.717
100 1 _aStettinius, Edward Reilly,
_d1900-
_9909637
245 1 0 _aLend-lease, weapon for victory/
_cEdward R. Stettinins
260 _aNew York :
_bMacmillan,
_c1944
300 _axiv, 358 p. ;
_c22 cm.
504 _aIncludes index
650 0 _aDebts, Public
_zUnited States
_9708504
651 0 _aUnited States
_xDefenses
_9753655
887 _a
901 _a291099 :
_b14.12.1951
902 _a108.E.717
999 _aVIRTUA
_c793204
_d793204
942 _2ddc
_cBKS